El lecturón 2 : (Registro nro. 365)
[ vista simple ]
| 000 -LEADER | |
|---|---|
| fixed length control field | 00929nam a22001817a 4500 |
| 003 - CONTROL NUMBER IDENTIFIER | |
| control field | OSt |
| 005 - DATE AND TIME OF LATEST TRANSACTION | |
| control field | 20241029124152.0 |
| 008 - FIXED-LENGTH DATA ELEMENTS--GENERAL INFORMATION | |
| fixed length control field | 241024s2018 ag ||||| |||| 00| 0 spa d |
| 020 ## - INTERNATIONAL STANDARD BOOK NUMBER | |
| International Standard Book Number | 9789875040618 |
| 040 ## - CATALOGING SOURCE | |
| Transcribing agency | besoc |
| 100 1# - MAIN ENTRY--PERSONAL NAME | |
| Personal name | Alvarado, Maite, |
| Dates associated with a name | 1952-2002, |
| Relator term | autor |
| 245 13 - TITLE STATEMENT | |
| Title | El lecturón 2 : |
| Remainder of title | la máquina de hacer lectores / |
| Statement of responsibility, etc. | Maite Alvarado ; con la colaboración de Gustavo Bombini ; ilustración de tapa Bianki ; ilustración de interior Brocha |
| 260 ## - PUBLICATION, DISTRIBUTION, ETC. | |
| Place of publication, distribution, etc. | Buenos Aires : |
| Name of publisher, distributor, etc. | El Hacedor, |
| -- | Quipu, |
| Date of publication, distribution, etc. | 2012 |
| 300 ## - PHYSICAL DESCRIPTION | |
| Extent | 140 p. |
| 520 ## - SUMMARY, ETC. | |
| Summary, etc. | Ordenar palabras, oraciones, párrafos, viñetas y títulos, completar espacios donde algo falta, poner a prueba la memoria y buscar información son algunas de las operaciones de lectura que se pondrán en acción con El lecturón II, una máquina de hacer lectores, para jugar a solas o en equipo.- [Contratapa] |
| 650 #4 - SUBJECT ADDED ENTRY--TOPICAL TERM | |
| Topical term or geographic name entry element | Educación |
| General subdivision | Lectura |
| -- | Ejercicios |
| 942 ## - ADDED ENTRY ELEMENTS (KOHA) | |
| Source of classification or shelving scheme | Universal Decimal Classification |
| Koha item type | Libro de préstamo a domicilio |
| Suppress in OPAC | No |
| Withdrawn status | Lost status | Source of classification or shelving scheme | Damaged status | Not for loan | Collection | Home library | Current library | Date acquired | Total checkouts | Full call number | Barcode | Date last seen | Price effective from | Koha item type |
|---|---|---|---|---|---|---|---|---|---|---|---|---|---|---|
| Universal Decimal Classification | Colección General | Biblioteca Escuela de Ciencias Sociales | Biblioteca Escuela de Ciencias Sociales | 29/10/2024 | 028.5 AL472 | 001271 | 29/10/2024 | 29/10/2024 | Libro de préstamo a domicilio |